000 00871nab a2200241 u 4500
001 11474
003 HDC
007 cr bn ---aaaaa
008 210207c mydr|nes 0 a eng d
040 _aHDC
245 0 _aHDC introduces smart system that facilitates the growth of Malaysia's Halal products and services for the export market
260 _a[no place] :
_b[publisher not identified],
_c[no year]
336 _atext
_2rdacontent
337 _acomputer
_2rdamedia
338 _aonline resource
_2rdacarrier
650 _aHalal export
_96113
650 _aHalal product
_948
710 _aMalaysia Global Business Forum
856 _zRequest full-text at [email protected]
942 _2lcc
942 _cNEWS
942 _kNWSO 000359
999 _c8797
_d8797